Logo de métal - Statistiques

Statistiques générales
  • Ce quiz a été pris 205 fois
  • Le résultat moyen est 10 sur 16
Statistiques - réponses
Par images Réponse % Correct
Dark funeral
89%
Carcass
84%
Mayhem
83%
Suffocation
80%
Morbid Angel
76%
Rotting Christ
75%
Crypta
73%
Cradle of Filth
72%
Dark Throne
69%
Decapitated
68%
Catle decapitation
46%
Watain
46%
Sarcofago
45%
Toxic Holocaust
44%
Okkultist
12%
Dsl, ça c'est juste un tas de bois...
11%
Aucun quiz correspondant
Distribution des résultats
% des personnes avec chaque résultat
Percentile par nombre de réponses
Votre historique - résultats
Vous n’avez pas pris ce quiz